James Bond - How Did They Die? - Statistics

General Stats
  • This quiz has been taken 40 times
  • The average score is 8 of 10
Answer Stats
Question Answer % Correct
Dr. Julius No Boiled alive in a pool of nuclear reactor coolant
97%
Auric Goldfinger Sucked out of an airplane
97%
Max Zorin Falling off the Golden Gate bridge
89%
Francisco Scaramanga Shot by James Bond
89%
Le Chiffre Shot by Mr. White
84%
Hugo Drax Shot with a poison dart and blasted into outer space
84%
Ernst Stavro Blofeld (For Your Eyes Only, 1981) Dropped down an industrial chimney
78%
Alec Trevelyan Crushed by a falling antenna
70%
Franz Sanchez Incinerated in gasoline tanker fire
65%
Raoul Silva Stabbed in the back with a throwing knife
59%
No matching quizzes found
Score Distribution
Percent of People with Each Score
Percentile by Number Answered
Your Score History
You have not taken this quiz